000 00698nam a2200217Ii 4500
003 JO-AjNU
008 230605s9999||||xx |||||||||||||| ||und||
017 _a2010/11033
020 _a977-17-9010-2
040 _aJO-AjNU
_bara
_erda
_cJO-AjNU
041 _aara
050 1 4 _aK5064.A84
100 3 _a عطية ، حمدى رجب ,
_eauthor
_932418
245 0 0 _aالمسئولية الجنائية للطفل فى تشريعات الدول العربية والشريعة الإسلامية
250 _aط2
264 3 1 _aد ، م : د ، ن ، د ، ت
300 _a352ص
336 _atext
_btxt
_2rdacontent
337 _aunmediated
_bn
_2rdamedia
338 _avolume
_bnc
_2rdacarrier
999 _aA13085
_c16653
_d16653